Vista normal
Vista MARC
Entrada Materia (geográfica)
Número de registros utilizados en: 7
001 - CONTROL NUMBER
- control field: 55782
003 - CONTROL NUMBER IDENTIFIER
- control field: Co-BoUCM
005 - DATE AND TIME OF LATEST TRANSACTION
- control field: 20140213081229.0
008 - FIXED-LENGTH DATA ELEMENTS
- fixed length control field: 140213|| aca||aabn | a|a d
040 ## - CATALOGING SOURCE
- Original cataloging agency: Co-BoUCM
- Transcribing agency: Co-BoUCM
151 ## - HEADING--GEOGRAPHIC NAME
- Geographic name: América
- General subdivision: Descripciones y viajes
670 ## - SOURCE DATA FOUND
- Source citation: Work cat.: (Co-BoUCM)183814: Hoffmann, Michael 55229, 100 maravillas del mundo, 2012